000 00797nas a2200253 i 4500
001 734
003 ES-MaACL
005 20250718150754.0
007 t|
008 950801c1876 it d| | 1 ||ta d
080 _a45
245 0 0 _aCorriere della sera.
260 _aMilano :
_bTip. Via Solferino, 28,
_c[1876?]
300 _a298 v. :
_bgrab. ;
_c60 cm.
310 _aDiaria
362 0 _aAño I (1876)-
500 _aRecupera el tít. : Corriere della sera. 1977.
650 1 4 _aPeriódicos
_915941
785 0 0 _aIl Nuovo corriere della sera
_d1955
852 _aES-MaACL
_jHEM-H-438
_dOlim: Hem-1628
_9756
_zExpurgado: 22-1-2025
866 0 _o(1955f.n.50y72y126y247y307),1977-1979(1980-1982)1983,(1987)1988-2003(2004 f.jul-dic).
942 _2udc
_cPERIODICO
999 _c734
_d734